The culture of curating and the curating of culture(s) /

Bibliographic Details
Main Author: O'Neill, Paul, 1970-
Format: Book
Language:English
Published: Cambridge, Massachusetts : The MIT Press, [2012]
Subjects:

MARC

Tag First Indicator Second Indicator Subfields
LEADER 00000cam a2200000 i 4500
001 in00002755813
005 20150922121348.0
008 111213s2012 maua b 001 0 eng
010 |a  2011051325 
020 |a 9780262017725 (hardcover : alk. paper) 
020 |a 0262017725 (hardcover : alk. paper) 
035 |a (OCoLC)ocn769232509 
040 |a DLC  |e rda  |c DLC  |d UtOrBLW 
049 |a TXAM 
050 0 0 |a N4396  |b .O54 2012 
082 0 0 |a 707.5  |2 23 
100 1 |a O'Neill, Paul,  |d 1970- 
245 1 4 |a The culture of curating and the curating of culture(s) /  |c Paul O'Neill. 
264 1 |a Cambridge, Massachusetts :  |b The MIT Press,  |c [2012] 
300 |a xii, 180 pages :  |b illustrations ;  |c 24 cm. 
336 |a text  |b txt  |2 rdacontent 
337 |a unmediated  |b n  |2 rdamedia 
338 |a volume  |b nc  |2 rdacarrier 
504 |a Includes bibliographical references and index. 
650 0 |a Art  |x Exhibition techniques. 
650 0 |a Art and society. 
945 |a PromptCat  |b 38564 
946 |a stk 
947 |a A14835996186 
948 |a cataloged  |b h  |c 2012/10/15  |d c  |e dmitchel  |f 1:00:00 pm 
994 |a 92  |b TXA 
999 |a MARS 
999 f f |s e12bfb92-3fcf-316e-99fd-c74f62c757ca  |i cad2bc76-f25f-338c-a4a9-e6a8d660a8f1  |t 0 
952 f f |p normal  |a Texas A&M University  |b College Station  |c Sterling C. Evans Library  |d Evans: Library Stacks  |t 0  |e N4396 .O54 2012  |h Library of Congress classification  |i unmediated -- volume  |m A14835996186 
998 f f |a N4396 .O54 2012  |t 0  |l Evans: Library Stacks